00860nam a22002057a 4500003000400000005001700004008004100021040001800062100003800080245013500118260002300253650003000276650004600306650004800352700003300400856007000433942001300503999001900516952011900535OSt20240527143740.0240523b ||||| |||| 00| 0 eng d cAIMIT LIBRARY aMachado, Joston.e20160599167073 aStudy on campco confectinary finished products releated to customer loyalty to brand /cBy Joston Machado ; Guided by Swapna Rose. aMangaluru ;c2022. aLiterature review9167938 aData analysis and interpretations9167939 aFindings suggestions and conclusion9167940 aRose, Swapna.eGuide9167074 3Central arecanut and cocoa marketing processing co operative Ltd. 2ddccPRO c230890d230890 00102ddc40718PR_MBAaAIMITbAIMITcPRBd2024-05-23l0pPRB01914r2024-05-23 00:00:00t2016059w2024-05-23yPRO